[Event "Titled Tue 3rd Jan Late"]
[Site "chess.com INT"]
[Date "2025.06.03"]
[Round "7"]
[White "Ugarte Soto, Cesar"]
[Black "Zepeda Berlanga, Jan Enrique"]
[Result "1-0"]
[WhiteTitle "CM"]
[BlackTitle "CM"]
[WhiteElo "2088"]
[BlackElo "1941"]
[WhiteFideId "3601331"]
[BlackFideId "5132355"]
[EventDate "2025.06.03"]

1. d4 Nf6 2. Bf4 d5 3. e3 c5 4. c3 Nc6 5. Nd2 cxd4 6. exd4 Bf5 7. Ngf3 e5 8.
dxe5 Nh5 9. Be3 Be7 10. h3 Be4 11. g4 Nxe5 12. Nxe4 Nxf3+ 13. Qxf3 dxe4 14. Bb5+
Kf8 15. Qxe4 Nf6 16. Qxb7 Rb8 17. Qc6 a6 18. Rd1 Qa5 19. Qxa6 Qxb5 20. Qxb5 Rxb5
21. b4 Ne4 22. Rd3 Bf6 23. Bd2 Re5 24. Be3 Re6 25. O-O Ke7 26. c4 Ra8 27. a3 Bb2
28. Bc1 Be5 29. c5 Rea6 30. Re1 Re6 31. Rde3 1-0

[Event "Titled Tue 3rd Jan Late"]
[Site "chess.com INT"]
[Date "2025.06.03"]
[Round "7"]
[White "Grigorjev, Iljya"]
[Black "Erdogmus, Yagiz Kaan"]
[Result "0-1"]
[WhiteTitle "IM"]
[BlackTitle "GM"]
[WhiteElo "2433"]
[BlackElo "2618"]
[WhiteFideId "24159565"]
[BlackFideId "44599790"]
[EventDate "2025.06.03"]

1. e4 d5 2. exd5 Qxd5 3. Nc3 Qa5 4. d4 Nf6 5. Nf3 Bf5 6. Ne5 c6 7. Bc4 e6 8. g4
Bg6 9. h4 Nbd7 10. Nxd7 Nxd7 11. h5 Be4 12. Rh3 Nb6 13. Bb3 Bb4 14. Bd2 Bxc3 15.
Rxc3 Qa6 16. Rc5 Nd7 17. Ra5 Qb6 18. f3 Qxd4 19. fxe4 Qg1+ 20. Ke2 Qg2+ 21. Ke3
Nf6 22. e5 Nxg4+ 23. Kf4 g5+ 24. hxg6 fxg6 25. Bb4 g5+ 26. Kxg5 Ne3+ 27. Kf4
Nxd1 28. Rxd1 Qf2+ 0-1

[Event "Titled Tue 3rd Jan Late"]
[Site "chess.com INT"]
[Date "2025.06.03"]
[Round "7"]
[White "Orshonova, Elena"]
[Black "Ozalp, Burak"]
[Result "1-0"]
[WhiteTitle "WFM"]
[BlackTitle "CM"]
[WhiteElo "1948"]
[BlackElo "2059"]
[WhiteFideId "24174750"]
[BlackFideId "6314210"]
[EventDate "2025.06.03"]

1. e4 g6 2. Nf3 Bg7 3. d4 d6 4. Nc3 Nc6 5. Bb5 Bd7 6. O-O a6 7. Ba4 Nf6 8. Re1
O-O 9. h3 e5 10. Bxc6 Bxc6 11. dxe5 dxe5 12. Qxd8 Raxd8 13. Nxe5 Bb5 14. Nxb5
axb5 15. Nd3 Rfe8 16. f3 Nh5 17. Be3 f5 18. exf5 Rxe3 19. Rxe3 Bd4 20. Kf2 gxf5
21. g3 Re8 22. Re1 Nxg3 23. Kxg3 Bxe3 24. f4 Kf8 25. Kf3 Bd4 26. Rxe8+ Kxe8 27.
c3 Bf6 28. Nc5 b6 29. Ne6 Kd7 30. Nf8+ Kc6 31. Nxh7 Be7 32. Ng5 Kd5 33. Ke3 c5
34. h4 Bf8 35. h5 b4 36. cxb4 c4 37. a3 Bg7 38. Nf7 Bxb2 39. h6 Ke6 40. Ne5 Bxe5
41. fxe5 f4+ 42. Kxf4 c3 43. Ke3 Kxe5 44. h7 c2 45. h8=Q+ 1-0

[Event "Titled Tue 3rd Jan Late"]
[Site "chess.com INT"]
[Date "2025.06.03"]
[Round "7"]
[White "Montano Vicente, Guadalupe"]
[Black "Gerbelli Neto, Eduardo"]
[Result "0-1"]
[WhiteElo "1940"]
[BlackElo "2114"]
[WhiteFideId "5181399"]
[BlackFideId "2103281"]
[EventDate "2025.06.03"]

1. d4 d5 2. c4 c6 3. Nf3 Nf6 4. Nc3 e6 5. Bg5 dxc4 6. e4 b5 7. e5 h6 8. Bh4 g5
9. Nxg5 Nd5 10. Nxf7 Qxh4 11. Nxh8 Bb4 12. Rc1 c5 13. dxc5 Nc6 14. Be2 Nxe5 15.
O-O Bxc3 16. bxc3 Bb7 17. Bh5+ Kf8 18. Ng6+ Nxg6 19. Bxg6 Nf4 20. Qd6+ Kg7 21.
Qc7+ Kxg6 22. Qxb7 Rg8 23. Qf3 Kh7 24. g3 Qg5 25. Qe4+ Rg6 26. Kh1 Nd3 27. Rc2
Qxc5 28. h4 h5 29. Rd2 Kg7 30. Rxd3 cxd3 31. Qxd3 Rf6 32. Qd7+ Kg6 33. Qd3+ Rf5
34. Qe4 Kf6 35. Qe2 Qxc3 36. Re1 Qf3+ 37. Kg1 Qxe2 38. Rxe2 Rc5 39. Re4 e5 0-1

[Event "Titled Tue 3rd Jan Late"]
[Site "chess.com INT"]
[Date "2025.06.03"]
[Round "7"]
[White "Drozdowski, Kacper"]
[Black "Rojas Alarcon, Julian Antonio"]
[Result "1-0"]
[WhiteTitle "IM"]
[BlackTitle "FM"]
[WhiteElo "2450"]
[BlackElo "2365"]
[WhiteFideId "1136720"]
[BlackFideId "5107407"]
[EventDate "2025.06.03"]

1. e4 c5 2. Nf3 d6 3. d4 cxd4 4. Nxd4 Nf6 5. f3 g6 6. c4 Bg7 7. Nc3 Nc6 8. Be3
h5 9. Qd2 Bd7 10. Be2 Rc8 11. Rc1 h4 12. O-O a6 13. Rfd1 Kf8 14. b3 Kg8 15. Nd5
Ne5 16. h3 Nh5 17. f4 Nc6 18. Nxc6 Bxc6 19. Bg4 e6 20. Nb6 Rb8 21. e5 Ng3 22.
Qxd6 Kh7 23. Qxd8 Rbxd8 24. Bf2 g5 25. Be3 Kg6 26. c5 Rhg8 27. Nc4 gxf4 28. Bxf4
Nh5 29. Be3 Bd5 30. Bf3 Ng3 31. Kf2 Rgf8 32. Nd6 Bxe5 33. Nxb7 Rb8 34. Bxd5 exd5
35. c6 Ne4+ 36. Kf3 Kf5 37. Rxd5 Nf6 38. Rxe5+ Kxe5 39. Bf4+ Kd5 40. Rc5+ Ke6
41. Re5# 1-0

[Event "Titled Tue 3rd Jan Late"]
[Site "chess.com INT"]
[Date "2025.06.03"]
[Round "7"]
[White "Martinez Alcantara, Jose Eduardo"]
[Black "Kaczur, Florian"]
[Result "1-0"]
[WhiteTitle "GM"]
[BlackTitle "IM"]
[WhiteElo "2611"]
[BlackElo "2500"]
[WhiteFideId "3805662"]
[BlackFideId "705098"]
[EventDate "2025.06.03"]

1. c4 Nf6 2. g3 c6 3. Bg2 g6 4. Nf3 Bg7 5. O-O O-O 6. Qb3 Qb6 7. Nc3 Qxb3 8.
axb3 Na6 9. d3 d5 10. Be3 Ng4 11. Bg5 f6 12. Bc1 e6 13. Ra3 Nb4 14. Bd2 Bd7 15.
Na4 Na6 16. Rfa1 Rfc8 17. b4 Bf8 18. c5 Nc7 19. Nc3 a6 20. Na4 Rd8 21. Nb6 Rab8
22. h3 Nh6 23. Nd4 Nf7 24. Nb3 Nb5 25. R3a2 Be8 26. e3 Ne5 27. d4 Nd7 28. Na4 g5
29. Nc3 Nxc3 30. bxc3 Bg6 31. Bf1 Kg7 32. Na5 Be7 33. Bxa6 bxa6 34. Nxc6 Re8 35.
Rxa6 Rb7 36. Ra7 Rxa7 37. Rxa7 1-0

[Event "Titled Tue 3rd Jan Late"]
[Site "chess.com INT"]
[Date "2025.06.03"]
[Round "7"]
[White "Ghafourian, Amir Ali"]
[Black "Harvey, Marcus R"]
[Result "1-0"]
[WhiteTitle "CM"]
[BlackTitle "IM"]
[WhiteElo "2111"]
[BlackElo "2447"]
[WhiteFideId "12533831"]
[BlackFideId "400092"]
[EventDate "2025.06.03"]

1. e4 c6 2. d4 d5 3. Nd2 dxe4 4. Nxe4 Nf6 5. Nxf6+ exf6 6. c3 Bd6 7. Bd3 O-O 8.
Qc2 Re8+ 9. Ne2 h5 10. O-O h4 11. h3 Nd7 12. Be3 Nf8 13. Rad1 Be6 14. c4 Rc8 15.
Nf4 Bb8 16. Qb3 b5 17. d5 Bxf4 18. dxe6 Qc7 19. exf7+ Kxf7 20. cxb5+ Ne6 21.
Bxf4 Qxf4 22. Rfe1 cxb5 23. Bxb5 Re7 24. Rd7 Qf5 25. Bd3 1-0

[Event "Titled Tue 3rd Jan Late"]
[Site "chess.com INT"]
[Date "2025.06.03"]
[Round "7"]
[White "Serban, Cristian-Stefan"]
[Black "Rustemov, Alexander"]
[Result "0-1"]
[WhiteTitle "FM"]
[BlackTitle "GM"]
[WhiteElo "2332"]
[BlackElo "2525"]
[WhiteFideId "1241443"]
[BlackFideId "4119002"]
[EventDate "2025.06.03"]

1. d4 g6 2. e4 Bg7 3. Nf3 d6 4. Bc4 c6 5. Nc3 b5 6. Bb3 a5 7. a4 b4 8. Ne2 d5 9.
O-O Nf6 10. e5 Ng8 11. Nf4 e6 12. Nd3 Nd7 13. Bg5 Ne7 14. Qd2 h6 15. Be3 Ba6 16.
Rfc1 Nf5 17. c3 bxc3 18. bxc3 O-O 19. Rab1 Rb8 20. Bc2 Qe7 21. h3 Rfc8 22. g4
Nxe3 23. Qxe3 Rxb1 24. Rxb1 c5 25. Bd1 cxd4 26. cxd4 Qa3 27. Rb3 Qxa4 28. Kg2
Bc4 29. Rb1 Qa3 30. Nfe1 Rb8 31. Rxb8+ Nxb8 32. Qd2 Nc6 33. Nc5 Qb4 34. Qe3 Nxd4
35. Qxd4 Qxe1 36. Bf3 Bxe5 37. Qe3 0-1

[Event "Titled Tue 3rd Jan Late"]
[Site "chess.com INT"]
[Date "2025.06.03"]
[Round "7"]
[White "Bian, Alex"]
[Black "Ambartsumova, Karina"]
[Result "0-1"]
[WhiteTitle "FM"]
[BlackTitle "IM"]
[WhiteElo "2342"]
[BlackElo "2403"]
[WhiteFideId "2056372"]
[BlackFideId "4166299"]
[EventDate "2025.06.03"]

1. e4 c5 2. Nf3 a6 3. c3 d5 4. exd5 Qxd5 5. d4 Bg4 6. Be2 e6 7. O-O Nd7 8. Bf4
Ngf6 9. h3 Bh5 10. Bg3 cxd4 11. Nxd4 Bxe2 12. Qxe2 Be7 13. Nd2 O-O 14. N2f3 h6
15. Rfe1 Rfe8 16. Nb3 Rac8 17. Rad1 Qh5 18. Qd3 Red8 19. Qc2 b5 20. Nbd4 Qc5 21.
Qb3 Nf8 22. Ne5 Nd5 23. a4 b4 24. Nd3 Qb6 25. a5 Qxa5 26. c4 Nf6 27. Ne5 Qb6 28.
Ndf3 Rxd1 29. Rxd1 Ne4 30. Nd4 Bc5 31. Qd3 Nxg3 32. fxg3 Rd8 33. Nf3 e5 34. Kh2
exd4 35. Qe4 Qe6 36. Ne5 f6 0-1

[Event "Titled Tue 3rd Jan Late"]
[Site "chess.com INT"]
[Date "2025.06.03"]
[Round "7"]
[White "Sivakumar, Ashvin"]
[Black "Do Carmo, Gabriel Carckeno"]
[Result "1-0"]
[WhiteTitle "FM"]
[WhiteElo "2175"]
[BlackElo "2021"]
[WhiteFideId "5804655"]
[BlackFideId "22783024"]
[EventDate "2025.06.03"]

1. Nf3 Nf6 2. d4 d5 3. c4 e6 4. Nc3 a6 5. cxd5 exd5 6. Bg5 Be6 7. e3 Nbd7 8. h3
Bd6 9. Bd3 c6 10. O-O O-O 11. Re1 h6 12. Bh4 Qc7 13. Bxf6 Nxf6 14. Rc1 Rfe8 15.
a3 Rac8 16. b4 Qe7 17. Ne5 Nd7 18. f4 f6 19. Ng6 Qd8 20. Bb1 Bf7 21. Qd3 Nf8 22.
Nxf8 Kxf8 23. Qh7 Qe7 24. Bf5 Rcd8 25. Bg6 Bxg6 26. Qxg6 Qf7 27. Qh7 f5 28. Nb1
Rd7 29. Nd2 Rde7 30. Nf3 Bxf4 31. exf4 Rxe1+ 32. Rxe1 Rxe1+ 33. Nxe1 Qf6 34. Nf3
Kf7 35. Ne5+ Ke7 36. Qg8 Kd6 37. Qb8+ Ke6 38. Qxb7 g5 39. Qxc6+ Ke7 40. Qd7+ Kf8
41. Qxd5 gxf4 42. Nd7+ 1-0

[Event "Titled Tue 3rd Jan Late"]
[Site "chess.com INT"]
[Date "2025.06.03"]
[Round "7"]
[White "Annaberdiyev, Babageldi"]
[Black "Fedoryshyn, Ievgenii"]
[Result "0-1"]
[WhiteTitle "FM"]
[BlackTitle "FM"]
[WhiteElo "2208"]
[BlackElo "2278"]
[WhiteFideId "14000385"]
[BlackFideId "26095467"]
[EventDate "2025.06.03"]

1. e4 c6 2. d4 d5 3. Nd2 dxe4 4. Nxe4 Nf6 5. Nxf6+ exf6 6. Bc4 Bd6 7. Qe2+ Qe7
8. Qxe7+ Kxe7 9. Ne2 Re8 10. Bf4 Bxf4 11. Nxf4 Kd6+ 12. Kd2 Be6 13. Bd3 Nd7 14.
c4 b6 15. Rhe1 g6 16. b3 Rad8 17. Kc3 f5 18. h4 Nf6 19. f3 c5 20. d5 Bd7 21. a4
Rxe1 22. Rxe1 Re8 23. Rxe8 Bxe8 24. Bc2 a6 25. Nd3 b5 26. axb5 axb5 27. Kd2 bxc4
28. bxc4 Nd7 29. Ba4 Nf6 30. Bxe8 Nxe8 31. Ke3 Nc7 32. Nb2 h5 33. Na4 Ne8 34.
Nc3 Nc7 35. Kf4 f6 36. g3 Kd7 37. Nb5 Nxb5 38. cxb5 g5+ 39. Kxf5 c4 40. Ke4 f5+
41. Ke3 f4+ 42. gxf4 gxh4 43. b6 h3 44. Kf2 c3 45. d6 Kxd6 46. f5 c2 47. b7 Kc7
48. b8=Q+ Kxb8 49. f6 c1=Q 0-1

[Event "Titled Tue 3rd Jan Late"]
[Site "chess.com INT"]
[Date "2025.06.03"]
[Round "7"]
[White "Reinecke, Katharina"]
[Black "Gimeno Martos, Roberto"]
[Result "0-1"]
[WhiteTitle "WCM"]
[BlackTitle "CM"]
[WhiteElo "1921"]
[BlackElo "2090"]
[WhiteFideId "12929727"]
[BlackFideId "2226804"]
[EventDate "2025.06.03"]

1. d4 g6 2. Nf3 Bg7 3. c4 d6 4. g3 Nf6 5. Bg2 O-O 6. O-O Nc6 7. Nc3 e5 8. d5 Ne7
9. e4 Ne8 10. Be3 f5 11. b4 b6 12. c5 bxc5 13. bxc5 Ba6 14. Re1 fxe4 15. Nxe4
Nf5 16. Bg5 Nf6 17. cxd6 cxd6 18. Qa4 Bb7 19. Nxf6+ Bxf6 20. Bxf6 Qxf6 21. Nd2
Nd4 22. Ne4 Qe7 23. Qb4 Nc2 24. Qxd6 Qxd6 25. Nxd6 Nxe1 26. Rxe1 Ba6 27. Rxe5
Rab8 28. h3 Rb1+ 29. Kh2 Rb2 30. Ne4 Rxa2 31. d6 Bb7 32. Nc3 Raxf2 33. d7 Rxg2+
34. Kh1 Rf1# 0-1

[Event "Titled Tue 3rd Jan Late"]
[Site "chess.com INT"]
[Date "2025.06.03"]
[Round "7"]
[White "Chen, Yidong"]
[Black "Tikhonov, Viacheslav"]
[Result "1-0"]
[BlackTitle "CM"]
[WhiteElo "2038"]
[BlackElo "2183"]
[WhiteFideId "8607028"]
[BlackFideId "44196407"]
[EventDate "2025.06.03"]

1. e4 c5 2. Nf3 Nc6 3. Bb5 Nd4 4. Nxd4 cxd4 5. c3 a6 6. Ba4 e6 7. cxd4 b5 8. Bb3
d5 9. d3 Bb7 10. O-O dxe4 11. dxe4 Bxe4 12. Re1 Nf6 13. Bg5 Bd5 14. Bxd5 Qxd5
15. Bxf6 gxf6 16. Nc3 Qd8 17. d5 e5 18. Qg4 Qd7 19. Qh4 Be7 20. Ne4 O-O-O 21.
Rac1+ Kb7 22. d6 Bxd6 23. Red1 Qe6 24. Rxd6 Rxd6 25. Nc5+ Kb6 26. Nxe6 Rxe6 27.
Qb4 Rhe8 28. Qc5+ Kb7 29. Qc7+ Ka8 30. Rc6 R6e7 31. Qb6 Ra7 32. g3 Rb8 33. Qa5
Rbb7 34. Rxa6 Kb8 35. Rxa7 Rxa7 36. Qxb5+ Rb7 37. Qe8+ Ka7 38. b3 h5 39. Qd8 Rb6
40. Qd5 Ra6 41. Qxf7+ Kb8 42. a4 Rb6 43. b4 1-0

[Event "Titled Tue 3rd Jan Late"]
[Site "chess.com INT"]
[Date "2025.06.03"]
[Round "7"]
[White "Gabrielian, Artur"]
[Black "Florescu, Codrut-Constantin"]
[Result "1-0"]
[WhiteTitle "GM"]
[BlackTitle "IM"]
[WhiteElo "2419"]
[BlackElo "2193"]
[WhiteFideId "4131002"]
[BlackFideId "1202200"]
[EventDate "2025.06.03"]

1. Nf3 Nf6 2. g3 d5 3. Bg2 e6 4. O-O Be7 5. d3 O-O 6. Bf4 c5 7. a4 Nc6 8. e4 b6
9. e5 Nd7 10. c4 Bb7 11. cxd5 exd5 12. Nc3 Nb4 13. Re1 Re8 14. d4 Nf8 15. Be3
Ne6 16. Qd2 Rc8 17. h4 h6 18. Rad1 Bf8 19. h5 c4 20. Bf1 Qd7 21. Nh4 Bc6 22. Ra1
a6 23. f4 b5 24. axb5 axb5 25. f5 Nc7 26. Be2 Ra8 27. Rxa8 Rxa8 28. Rf1 Na2 29.
e6 fxe6 30. f6 b4 31. Nxa2 Rxa2 32. f7+ Qxf7 33. Rxf7 Kxf7 34. Qc2 Be8 35. Bf4
Nb5 36. Be5 c3 37. Bxb5 Bxb5 38. Qg6+ Ke7 39. bxc3 bxc3 40. Bxg7 Bxg7 41. Qxg7+
Kd6 42. Qf8+ Kc6 43. Qc8+ Kb6 44. Qxc3 1-0

[Event "Titled Tue 3rd Jan Late"]
[Site "chess.com INT"]
[Date "2025.06.03"]
[Round "7"]
[White "Kobalia, Mikhail"]
[Black "Zilberstein, Dmitry"]
[Result "1-0"]
[WhiteTitle "GM"]
[BlackTitle "IM"]
[WhiteElo "2538"]
[BlackElo "2358"]
[WhiteFideId "4119150"]
[BlackFideId "2010739"]
[EventDate "2025.06.03"]

1. Nf3 Nf6 2. e3 g6 3. b3 Bg7 4. Bb2 b6 5. c4 Bb7 6. Be2 O-O 7. O-O c5 8. d4
cxd4 9. Nxd4 d5 10. Bf3 e5 11. Nb5 e4 12. Be2 a6 13. Nd4 dxc4 14. Bxc4 b5 15.
Be2 Nc6 16. a4 bxa4 17. Rxa4 Qb6 18. Na3 Nxd4 19. Bxd4 Qe6 20. Bc4 Qf5 21. Qa1
Rfd8 22. Nc2 a5 23. h3 Bc6 24. Ra3 Qg5 25. Rd1 h5 26. Bc3 Rxd1+ 27. Qxd1 Nd5 28.
Bxg7 Kxg7 29. Qa1+ Qf6 30. Nd4 Bb7 31. Rxa5 Rxa5 32. Qxa5 Nf4 33. Qc7 Nd3 34.
Qxb7 Qxf2+ 35. Kh2 Qxe3 36. Qxf7+ Kh6 37. Qf8+ Kg5 38. Ne6+ Kh4 39. Qd6 Nf4 40.
Qxf4+ 1-0

[Event "Titled Tue 3rd Jan Late"]
[Site "chess.com INT"]
[Date "2025.06.03"]
[Round "7"]
[White "Hoeffer, David"]
[Black "Akhayan, Ruben"]
[Result "1-0"]
[WhiteTitle "FM"]
[BlackTitle "FM"]
[WhiteElo "2295"]
[BlackElo "2265"]
[WhiteFideId "24606766"]
[BlackFideId "204439"]
[EventDate "2025.06.03"]

1. e4 e5 2. Nf3 Nc6 3. Bb5 Nd4 4. Nxd4 exd4 5. d3 c6 6. Bc4 d5 7. exd5 cxd5 8.
Bb5+ Bd7 9. Bxd7+ Qxd7 10. O-O Nf6 11. Re1+ Be7 12. Qf3 O-O 13. Bg5 Rac8 14. c3
dxc3 15. Nxc3 d4 16. Bxf6 Bxf6 17. Nd5 Bd8 18. g3 Rc5 19. Nf4 Bc7 20. Ng2 Qc6
21. Qg4 Rc2 22. Nh4 Kh8 23. Nf5 Qg6 24. Qxg6 fxg6 25. Nxd4 Rcxf2 26. Ne6 Bb6 27.
Nxf8 Rxf8+ 28. Kg2 h5 29. Re2 Rd8 30. Rd1 Rd4 31. Re4 Rd5 32. d4 Rf5 33. b4 Kh7
34. a4 g5 35. a5 Bc7 36. d5 Bd6 37. Rdd4 g4 38. Re6 Be5 39. Rd3 Bf6 40. d6 h4
41. gxh4 Bxh4 42. Re2 Rf8 43. d7 Rd8 44. Re8 Kg6 45. Rxd8 Bxd8 46. Kg3 Kf7 47.
Kxg4 Ke6 48. Kh5 1-0

[Event "Titled Tue 3rd Jan Late"]
[Site "chess.com INT"]
[Date "2025.06.03"]
[Round "7"]
[White "Ghoreishi Amiri, Seyed Kian"]
[Black "Dudin, Gleb"]
[Result "0-1"]
[WhiteTitle "CM"]
[BlackTitle "GM"]
[WhiteElo "2215"]
[BlackElo "2564"]
[WhiteFideId "36757527"]
[BlackFideId "34184934"]
[EventDate "2025.06.03"]

1. e4 c5 2. Nf3 Nc6 3. d4 cxd4 4. Nxd4 Nf6 5. Nc3 d6 6. Bg5 e6 7. Qd2 a6 8.
O-O-O Bd7 9. f4 Be7 10. Nf3 b5 11. e5 b4 12. exf6 bxc3 13. Qxc3 gxf6 14. Kb1 d5
15. Bh4 Rb8 16. Ka1 a5 17. f5 e5 18. Rxd5 Nb4 19. Rd2 Rc8 20. Bc4 Qc7 21. Bb3
Qxc3 22. bxc3 Rxc3 23. Bxf7+ Kxf7 24. Rxd7 Re8 25. Nxe5+ Kf8 26. Ng4 Rxc2 27.
Bxf6 Rxa2+ 28. Kb1 Rxg2 29. Re1 Nc6 30. Nh6 Rb8+ 31. Kc1 Ba3+ 32. Bb2 Bxb2+ 33.
Kd1 Ne5 34. Rd5 Bc3 35. Kc1 Bxe1 36. Rxe5 Bd2+ 37. Kd1 Bxh6 0-1

[Event "Titled Tue 3rd Jan Late"]
[Site "chess.com INT"]
[Date "2025.06.03"]
[Round "7"]
[White "De Sousa, Antonio Micaias Silva"]
[Black "Przybylski, Wojciech"]
[Result "1-0"]
[BlackTitle "FM"]
[WhiteElo "2007"]
[BlackElo "2340"]
[WhiteFideId "22798528"]
[BlackFideId "1117599"]
[EventDate "2025.06.03"]

1. e4 e5 2. Nf3 Nc6 3. Bb5 a6 4. Ba4 Nf6 5. O-O b5 6. Bb3 Be7 7. Re1 O-O 8. c3
d5 9. exd5 Nxd5 10. Nxe5 Nxe5 11. Rxe5 c6 12. d4 Bd6 13. Re1 Qh4 14. g3 Qh3 15.
Qf3 Bg4 16. Qg2 Qh5 17. Be3 Bh3 18. Qh1 Bg4 19. Qg2 Rae8 20. Nd2 f5 21. f4 Qf7
22. Bf2 Kh8 23. Rxe8 Rxe8 24. Re1 Rd8 25. Nf3 h6 26. Ne5 Bxe5 27. fxe5 f4 28. e6
Bxe6 29. Qe4 Bf5 30. Qxf4 Rf8 31. Qe5 Bh3 32. Qe2 Bg4 33. Qd2 Qd7 34. Bd1 Bh3
35. Re5 Nf6 36. Qf4 Nh7 37. Qh4 Qf7 38. g4 Ng5 39. Rxg5 Qxa2 40. Rf5 Re8 41.
Qxh3 Qb1 42. Qf3 Kh7 43. Kg2 Qxb2 44. Rf8 Rxf8 45. Qxf8 Qxc3 46. Qf5+ Kg8 47.
Bf3 a5 48. Qe6+ Kf8 49. Bxc6 b4 50. Qe8# 1-0

[Event "Titled Tue 3rd Jan Late"]
[Site "chess.com INT"]
[Date "2025.06.03"]
[Round "7"]
[White "Dobre, Claudiu-Cristian"]
[Black "Madaminov, Mukhiddin"]
[Result "1-0"]
[WhiteTitle "IM"]
[BlackTitle "GM"]
[WhiteElo "2265"]
[BlackElo "2520"]
[WhiteFideId "1211854"]
[BlackFideId "14210703"]
[EventDate "2025.06.03"]

1. d4 e6 2. e4 d5 3. exd5 exd5 4. Bd3 Nc6 5. c3 Bd6 6. Qf3 Nge7 7. Ne2 O-O 8.
Bf4 Ng6 9. Bxd6 Qxd6 10. Qg3 Qd8 11. O-O Nce7 12. Qf3 Qd6 13. Nd2 f5 14. Qh5 f4
15. Nf3 Bf5 16. Rad1 h6 17. Rfe1 Bxd3 18. Rxd3 Rf5 19. Qh3 Raf8 20. Nc1 b6 21.
Rd2 c5 22. Nd3 Nc6 23. Rde2 Nd8 24. Re8 Kh7 25. Rxf8 Rxf8 26. Qc8 c4 27. Nde5
Ne7 28. Qd7 Qxd7 29. Nxd7 Re8 30. h4 Kg8 31. a4 Ndc6 32. h5 Rd8 33. Nde5 Kf8 34.
Nxc6 Nxc6 35. Re6 Ne7 36. Ne5 Rb8 37. Rxe7 Kxe7 38. Nc6+ Kd6 39. Nxb8 a5 40. Kh2
Kc7 41. Na6+ Kb7 42. Nb4 axb4 43. cxb4 b5 44. a5 1-0

[Event "Titled Tue 3rd Jan Late"]
[Site "chess.com INT"]
[Date "2025.06.03"]
[Round "7"]
[White "Shi, Roger V"]
[Black "Gelman, Alexander"]
[Result "0-1"]
[BlackTitle "IM"]
[WhiteElo "2137"]
[BlackElo "2403"]
[WhiteFideId "30980119"]
[BlackFideId "4118316"]
[EventDate "2025.06.03"]

1. e4 e5 2. Nf3 d6 3. d4 exd4 4. Nxd4 Nf6 5. Nc3 Be7 6. Be3 O-O 7. Bc4 Re8 8. a4
Bf8 9. f3 c6 10. O-O d5 11. Bd3 c5 12. Ndb5 d4 13. Bf4 dxc3 14. Nc7 cxb2 15. Rb1
Nh5 16. Bb5 Nxf4 17. Nxe8 Bd7 18. Nd6 Bxb5 19. Nxb5 Nc6 20. Rxb2 Qf6 21. Rb1 Rd8
22. Qe1 Qg6 23. g3 a6 24. Nc3 Nd4 25. Rxb7 h5 26. Kh1 Nfe6 27. Qf2 c4 28. f4 Nc5
29. f5 Qc6 30. Rbb1 Nxe4 31. Nxe4 Qxe4+ 32. Qg2 Qxg2+ 33. Kxg2 Nxc2 34. Rfc1
Ne3+ 35. Kf3 Rd3 36. Rb8 Nxf5+ 37. Ke4 Nd6+ 38. Kf4 f6 39. Rd8 g5# 0-1

[Event "Titled Tue 3rd Jan Late"]
[Site "chess.com INT"]
[Date "2025.06.03"]
[Round "7"]
[White "Fadi, Marko"]
[Black "Shapiro, Daniel"]
[Result "1-0"]
[WhiteTitle "FM"]
[BlackTitle "FM"]
[WhiteElo "2244"]
[BlackElo "2284"]
[WhiteFideId "10605371"]
[BlackFideId "2001780"]
[EventDate "2025.06.03"]

1. d3 e5 2. Nd2 f5 3. g3 Nf6 4. Bg2 g6 5. e3 Bg7 6. b3 O-O 7. Bb2 d6 8. Ne2 Nc6
9. O-O d5 10. c4 Be6 11. cxd5 Bxd5 12. e4 Be6 13. exf5 Bxf5 14. Ne4 Qe7 15. Rc1
Rad8 16. Rxc6 bxc6 17. Qc2 Qd7 18. Nc5 Bxd3 19. Nxd7 Bxc2 20. Nxf8 Kxf8 21. Rc1
Rd1+ 22. Rxd1 Bxd1 23. Nc3 Bc2 24. Bxc6 e4 25. Nb5 Kf7 26. Nxa7 Bh6 27. Bd4 Ke6
28. Nb5 Ng4 29. Nc3 e3 30. fxe3 Nxe3 31. Kf2 Nf5 32. Bc5 Bd2 33. Ne2 Bb1 34. a4
Bc2 35. g4 1-0

[Event "Titled Tue 3rd Jan Late"]
[Site "chess.com INT"]
[Date "2025.06.03"]
[Round "7"]
[White "Ivanov, Andrey A."]
[Black "Lyakh, Vasiliy"]
[Result "0-1"]
[WhiteTitle "CM"]
[WhiteElo "2103"]
[BlackElo "2116"]
[WhiteFideId "2514311"]
[BlackFideId "14189828"]
[EventDate "2025.06.03"]

1. Nf3 Nc6 2. d4 d5 3. c4 e6 4. Nc3 Nf6 5. cxd5 exd5 6. Bg5 Bb4 7. e3 h6 8. Bh4
g5 9. Bg3 Ne4 10. Qc2 Bxc3+ 11. bxc3 h5 12. Bd3 Bf5 13. h3 Nxg3 14. fxg3 Bxd3
15. Qxd3 Qe7 16. O-O O-O-O 17. Rab1 a6 18. Qf5+ Kb8 19. Qxg5 Qe6 20. Ne5 Rhg8
21. Nxc6+ Qxc6 22. Qf4 Rg7 23. Rb2 Rdg8 24. Rfb1 Rxg3 25. Qe5 b5 26. a4 Qg6 27.
Qxd5 c6 28. Qe5+ Kc8 29. Kh1 Rxg2 30. Qe4 Qxe4 0-1

[Event "Titled Tue 3rd Jan Late"]
[Site "chess.com INT"]
[Date "2025.06.03"]
[Round "7"]
[White "Firouzja, Alireza"]
[Black "Dogan, Umut Anil"]
[Result "1-0"]
[WhiteTitle "GM"]
[BlackTitle "CM"]
[WhiteElo "2757"]
[BlackElo "2123"]
[WhiteFideId "12573981"]
[BlackFideId "51618060"]
[EventDate "2025.06.03"]

1. Nf3 Nf6 2. g3 d5 3. Bg2 e6 4. O-O Be7 5. d3 O-O 6. Nbd2 b6 7. e4 Bb7 8. e5
Nfd7 9. Re1 c5 10. h4 Nc6 11. Nf1 b5 12. c3 a5 13. Bf4 a4 14. N1h2 a3 15. b3 Qb6
16. h5 h6 17. Qd2 d4 18. c4 bxc4 19. dxc4 Kh7 20. Ng4 Qa5 21. Bxh6 Qxd2 22. Bxd2
Ndb8 23. h6 gxh6 24. Bxh6 Rg8 25. Nfh2 Ra7 26. Be4+ Kh8 27. Kg2 Nb4 28. Bxb7
Rxb7 29. Re4 Rg6 30. Bd2 N8c6 31. Nf3 Kg8 32. Ne1 Kf8 33. f3 Ke8 34. Nf2 Kd7 35.
Nfd3 Rb8 36. Bxb4 cxb4 37. Nc2 Rbg8 38. g4 Rh6 39. Rh1 Rxh1 40. Kxh1 f5 41. exf6
Bxf6 42. Ncxb4 Nxb4 43. Nxb4 Kd6 44. Nd3 e5 45. Kg2 Rb8 46. Re1 Bg5 47. Rxe5 Bd2
48. Rd5+ Kc6 49. Ne5+ Kc7 50. Rxd4 Bc3 51. Rd7+ Kc8 52. Re7 Rxb3 53. axb3 a2 54.
Ra7 a1=Q 55. Rxa1 Bxa1 56. Nd3 Kd7 57. f4 Ke6 58. Kf3 Kf6 59. Ke4 Ke6 60. g5 Kf7
61. f5 Kg7 62. g6 Kf6 63. c5 Bc3 64. b4 1-0